000 00284nam a22001337a 4500
008 170301b xxu||||| |||| 00| 0 eng d
020 _a9780323054720
041 _aeng
080 _a61
100 _a4
101 _aSHM
245 _aEMERGENCY MEDICINE
_cWALLS, M.H
942 _2udc
_cBK
999 _c6455
_d6455